[Event "41. Olympiad Tromso 2014 Open"]
[Site "TromsøÂ¸"]
[Date "2014.08.05"]
[Round "4"]
[White "Jobava, Baadur"]
[Black "Leon Hoyos, Manuel"]
[Result "1-0"]
[WhiteElo "2713"]
[BlackElo "2517"]
[EventDate "2014.??.??"]
[Annotator "Marin"]
[PlyCount "71"]
[EventCountry "NOR"]
[WhiteTeam "Georgien"]
[BlackTeam "Mexiko"]
[WhiteTeamCountry "GEO"]
[BlackTeamCountry "MEX"]

1. Nf3 g6 2. c4 c5 3. g3 Bg7 4. Bg2 Nc6 5. Nc3 d6 6. O-O e6 7. a3 Nge7 8. 
b4 O-O 9. Rb1 b6 {[#]From the today's selection, this game had the most 
peaceful (and, if I had not been playing the English for a dozen of years,
I would add "boring") start. But the end will be by far the most exciting 
one!} 10. Nb5!? {An interesting move. Black has developed very flexibly, 
but there is a hidden weakness in his camp on f6. The last move prepares 
Bb2, which will confront Black with a difficult choice.} ( {The alternate 
move order based on} 10. Bb2 {hoping for Nb5 actually loses a pawn to} 
10. ... cxb4 ) 10. ... Bb7 ( {If} 10. ... a6 11. Nc3 {Black may later 
regreat having weakened the b6-square.} ) 11. Bb2 e5?! {It is 
understandable that Black does not wish to exchange the bishop, since this
would only increase the weakness of the f6-square. But in this case the 
remedy is worse than the problem itself, because the d5-square becomes 
chronically weak.} 12. bxc5 bxc5 13. d3 Qd7 14. Nd2 f5 15. Ba1 Rab8 16. 
Qa4 Ba8 17. Nc3 Rbc8 18. Nd5 {[#] If we were to predict the future course 
of events, the most plausible description would be: White attacks on 
theueenside and in the centre, Black prepares his counterplay on the 
opposite wing. Well, this is correct... up to a certain point only! The 
strong outpost on d5 allows White playing on the whole board.} 18. ... g5 
( 18. ... f4 {would prematurely weaken another light square:} 19. Nxe7+ 
Qxe7 20. Bd5+ Kh8 21. Ne4 {With strong pressure.} ) 19. e3 Ng6 {[#] And 
now we might think that Black's play acquires more effective forms thaan 
White's... This must be what Baadur felt, too since he now completely 
changes the direction of his attack.} 20. Qd1!! {Threatening the nasty 
Qh5.} 20. ... g4 21. f3 h5 22. fxg4 hxg4 23. h3 Nce7 24. hxg4 fxg4 25. Qe2
{Black has managed to keep a pawn on g4, but has weakened the e4-square 
and his king's position.} 25. ... Kh8?! {Leon prepares some unclear attack
involving the g-file, but overloks that his king is vulnerable on the open
h-file.} 26. Be4! {Threatening Qh2+ followed by Kg2 and Rh1.} 26. ... Bxd5
27. cxd5 Rxf1+ 28. Nxf1! {Bringing the knight closer to the weak g4-pawn.}
28. ... Bh6 29. Nh2 Rg8 30. Nxg4 Nh4 {[#] A desperate atempt to complicate
matters. Black might have planned all this attack when putting his king in
the corner. There should be more than one winning moves by now, but 
Jobava's is the most elegant and probably strongest, too.} 31. Nxe5! {
Until now, Black might have hoped that the a1-bishop would stay out of 
play. Not any more!} 31. ... Rxg3+ ( 31. ... dxe5 32. Bxe5+ {leads to 
decisive attack:} 32. ... Rg7 ( 32. ... Bg7 33. Qh5# {leads to a nice 
mating pattern.} ) 33. Rb8+ Nc8 34. Qh5 {Black's helplessness is 
illustrated by the fact thaat he cannot defend the h6-bishop!!} ) 32. Kf2 
Qh3 {Black has managed to mass up an impressive number of pieces around 
the white king. By contrast, White will atack the enemy king with checks 
from the distance.} 33. Rb8+ Nc8 34. Rxc8+ Kg7 35. Nc6+ Kf7 36. Qh5+ 1-0

[Event "41. Olympiad Tromso 2014 Open"]
[Site "TromsÃÂ¸"]
[Date "2014.08.05"]
[Round "4"]
[White "Iotov, Valentin"]
[Black "Jianu, Vlad-Cristian"]
[Result "1-0"]
[WhiteElo "2553"]
[BlackElo "2579"]
[EventDate "2014.??.??"]
[PlyCount "45"]
[EventCountry "NOR"]
[WhiteTeam "Bulgarien"]
[BlackTeam "RumÃÂ¤nien"]
[WhiteTeamCountry "BUL"]
[BlackTeamCountry "ROU"]

1. d4 d5 2. Nf3 Nf6 3. c4 e6 4. Nc3 Be7 5. Bf4 {A quiet start to the game 
doesn't always mean the game will remain so!} 5. ... O-O 6. e3 Nbd7 7. c5 
{This line was once considered the most critical test of the set-up Black 
has chosen. Nowadays 7.Be2 is more popular at the top level.} 7. ... Nh5 (
7. ... c6 {is also possible and leads to completely different type of 
games.} ) 8. Be5 f6 9. Bg3 Nxg3 {Black eliminates the bishop before it can
move to h4, but now White has an open h-file to work with.} 10. hxg3 b6 
11. Bd3 f5?! {The wrong way of shutting down White's attack.} ( 11. ... h6
{was much stronger, since it doesn't give White an extra target. It does 
however look risky as more light-squares are being weakened.} ) 12. g4! {
Of course! Now Black's position is difficult to defend.} 12. ... bxc5 13. 
gxf5 c4 14. fxe6 Nf6 15. Bxh7+! {Black must have missed this move.} 
15. ... Nxh7 16. Qc2 Nf6 17. Ng5 ( 17. Qf5 {was also strong.} ) 17. ... 
Bb4 18. Qg6 {Black is helpless against the threat of Nf7 and Rh8 
checkmate.} 18. ... Bxe6 {Pure desperation, after this Iotov will have 
more material and a free attack.} 19. Nxe6 Qd7 20. Nxf8 Rxf8 21. Rh4 Qb5 
22. Rb1 Qa5 23. Ke2 1-0

[Event "41. Olympiad Women 2014"]
[Site "Tromso NOR"]
[Date "2014.08.05"]
[Round "4.2"]
[White "Olsarova, Karolina"]
[Black "Dolzhikova, Olga"]
[Result "1-0"]
[WhiteElo "2237"]
[BlackElo "2166"]
[EventDate "2014.08.02"]
[Annotator "Vokac,Marek"]
[PlyCount "69"]
[WhiteTeam "CZE"]
[BlackTeam "NOR"]
[WhiteTeamCountry "CZE"]
[BlackTeamCountry "NOR"]

1. e4 e5 2. Nf3 d6 3. d4 exd4 4. Nxd4 Nf6 5. Nc3 Be7 6. Bf4 O-O 7. Qd2 Re8
8. O-O-O Nbd7 9. f3 Nc5 10. Kb1 Ne6 11. Nxe6 Bxe6 12. g4 += {ÄŒerné se i 
podle Ä�asové spotÅ™eby nástup bílých pÄ›Å¡cÅ¯ evidentnÄ› nelíbil.} 
12. ... Nd7 13. Nd5 Bf6 14. h4 Bxd5 ( 14. ... Bxh4? 15. g5 +- ) ( 14. ... 
Be5 15. Bg5 f6 16. Be3 += ) 15. exd5 Nc5 16. c3 a6 17. Qc2 b5 18. g5 Be5 
19. Be3 Na4 {ÄŒerné se stále nechce zahrát} ( 19. ... g6 {, ale byla to 
jeÅ¡tÄ› nejrozumnÄ›jÅ¡í obrana, jinak má její Ä�ernopolný stÅ™elec stále 
problémy.} ) 20. Bc1 g6 {A teÄ� uÅ¾ je pozdÄ›, bílí pÄ›Å¡ci budou 
pÅ™íliÅ¡ rychlí.} 21. f4 Bh8 22. h5 Qe7 23. f5! +- f6 {Dobrá obrana uÅ¾ 
jaksi neexistuje.} 24. fxg6 fxg5 25. gxh7+ Qxh7 26. Bd3 Qd7 27. Bxg5 Be5 
28. Bf5 Qg7 29. Rhg1 Kh8 30. Bh4 Qh6 31. Rg6 Qf4 32. Bg5 Qf3 33. Rh6+ Kg7 
34. Rh7+ Kg8 35. Rg1 1-0

[Event "41. Olympiad Women 2014"]
[Site "Tromso NOR"]
[Date "2014.08.05"]
[Round "4.3"]
[White "Koskela, Niina"]
[Black "Sikorova, Olga"]
[Result "1/2-1/2"]
[WhiteElo "2213"]
[BlackElo "2289"]
[EventDate "2014.08.02"]
[Annotator "Vokac,Marek"]
[PlyCount "204"]
[WhiteTeam "NOR"]
[BlackTeam "CZE"]
[WhiteTeamCountry "NOR"]
[BlackTeamCountry "CZE"]

1. e4 e6 2. d3 c5 3. Nf3 Nc6 4. g3 g6 5. Bg2 Bg7 6. O-O Nge7 7. c3 e5 8. 
a3 d6 9. b4 b6 10. b5 Na5 11. Nbd2 O-O 12. Nc4 Nxc4 13. dxc4 a6 14. Qd3 
Qc7 15. Rd1 Rd8 16. Nd2 Be6 17. bxa6?! Rxa6 18. Nf1 Ra4 19. Ne3 Bh6 20. f4
{Bílá si svéráznÄ› pojatým zahájením vytvoÅ™ila drobné problémy,} ( 20. 
Nd5 Bxd5 21. cxd5 Bxc1 22. Rdxc1 c4 =+ {by je zcela nevyÅ™eÅ¡ilo.} ) 
20. ... exf4 21. Nd5 Nxd5 22. cxd5 Bg4 23. Rf1 Qd7 {PoÄ�ítaÄ� doporuÄ�uje}
( 23. ... c4 24. Qc2 Qc5+ 25. Kh1 {ale po pokrytí vÄ›Å¾e pÅ™ijde vÅ¾dy} 
25. ... Rda8 26. gxf4 Bg7 27. f5!? {a bílá má urÄ�ité protiÅ¡ance.} ) 24. 
gxf4 Re8 25. h3! Bh5 26. f5 Bxc1 27. Raxc1!? Rxa3 28. f6 {Bílá své 
taktické zámÄ›ry mohla vylepÅ¡it po} ( 28. Qe3! Qd8 29. f6 {, napÅ™.} 
29. ... Re5 30. Qh6 Qf8 31. Qxf8+ Kxf8 32. Rb1! =, quiet {s plnohodnotnou 
protihrou.} ) 28. ... h6! 29. Rb1 Qa7 {ÄŒerná mÄ›la také rýpnout taktikou}
( 29. ... b5! {, braní pÄ›Å¡ce se nehodí:} 30. Rxb5 ( 30. Qxb5 Qxb5 31. 
Rxb5 Be2 ) 30. ... Rxc3 {a Ä�erná by získala Ä�as k postupu c4.} ) 30. Qb5
Rd8 31. Rfc1 {ÄŒerné zaÄ�íná chybÄ›t ve hÅ™e stÅ™elec na h5.} 31. ... Ra6 
32. Bf1 Ra2 33. Qxb6 Qxb6 34. Rxb6 Bf3 35. Re1 g5 36. Re3 Bh5 37. e5 dxe5 
38. Rxe5 c4 {ÄŒerná nechce nechat bílé krytého volného pÄ›Å¡ce, ale 
nestihla v Ä�asové tísni docenit vÅ¡echny jemnosti.} ( 38. ... Rd2 39. c4 
Ra8! =, quiet {dávalo Ä�erné dostateÄ�nou protihru.} ) 39. Bxc4 Rc2 40. 
Re3 Ra8 41. Rb1 Rc8 42. d6 {Bílá vymyslela dalÅ¡í taktiku, ale} ( 42. Bd3!
R2xc3 43. d6 +- {by nedalo Ä�erné Å¾ádné Å¡ance.} ) 42. ... Rxc4 43. d7 
Rd2 44. Rb8+ Kh7 45. d8=Q Rxd8 46. Rxd8 Rc6 {S volným pÄ›Å¡cem c3 by 
výhra bílé nemÄ›la být problém, ale v technice bílá není tak dobrá jako v 
taktice.} 47. Rd4 Rxf6 48. c4 Rc6 49. Re5 Kg7 50. Ra5 Bg6 51. c5 Bf5 52. 
h4 {Ten pÄ›Å¡ec se jeÅ¡tÄ› bílé mohl hodit.} 52. ... gxh4 53. Rd6? {A 
dalÅ¡í chyba zahazuje výhru. Vzít na h4 a zamíÅ™it králem k volnému 
pÄ›Å¡ci byla logická hra.} 53. ... Rxd6! 54. cxd6 Be6 =, quiet {ÄŒerný 
král stíhá uhlídat volného pÄ›Å¡ce. PÄ›Å¡ec h3 spoutá ruce bílému králi.} 
55. Rd5 Bd7 56. Re5 Kf6 57. Re7 Be6 58. Kh2 h3 59. Kg3 h5 60. Kh2 h4 61. 
Kg1 Bf5 62. Kh2 Be6 63. Ra7 Bf5 64. Ra5 Bd7! 65. Rh5 Ke6 {Tím mÄ›la partie
skonÄ�it. Bílá to nechtÄ›la uznat jeÅ¡tÄ› skoro 40 zbyteÄ�ných tahÅ¯.} 66.
 Kxh3 Kxd6+ 67. Kxh4 Be6 68. Kg3 Ke7 69. Kf4 Kf6 70. Rg5 Bb3 71. Rf5+ Kg7 
72. Ke5 Bc2 73. Rg5+ Bg6 74. Rg1 Kh7 75. Kf6 Kg8 76. Rh1 Be4 77. Rc1 Bg6 
78. Rc8+ Kh7 79. Rb8 Bh5 80. Rb2 Bg6 81. Rd2 Kg8 82. Rh2 Bd3 83. Rd2 Bg6 
84. Ke7 Kg7 85. Rd8 Bf5 86. Rb8 Be4 87. Rb6 Bg6 88. Rb5 Bd3 89. Rb7 Be4 
90. Ra7 Bd3 91. Ra3 Bf5 92. Rg3+ Bg6 93. Rg5 Kg8 94. Kf6 Kh7 95. Ra5 Kg8 
96. Ra8+ Kh7 97. Rb8 Bh5 98. Rb2 Bg6 99. Rh2+ Kg8 100. Rh4 Bd3 101. Rh8+ 
Kxh8 102. Kxf7 Kh7 1/2-1/2

[Event "41. Olympiad Women 2014"]
[Site "Tromso NOR"]
[Date "2014.08.05"]
[Round "4.4"]
[White "Olsarova, Tereza"]
[Black "Hagesather, Ellen"]
[Result "1-0"]
[WhiteElo "2271"]
[BlackElo "2182"]
[EventDate "2014.08.02"]
[Annotator "Vokac,Marek"]
[PlyCount "91"]
[WhiteTeam "CZE"]
[BlackTeam "NOR"]
[WhiteTeamCountry "CZE"]
[BlackTeamCountry "NOR"]

1. e4 d6 2. d4 Nf6 3. Nc3 g6 4. Be3 c6 5. h3 Nbd7 6. f4 b5 7. a3 Bb7 8. e5
! Nd5 9. Nxd5 cxd5 10. Nf3 e6 11. Bd3 a6 12. O-O Qb6 13. Qe2 Be7 14. Kh1 
Qc6 15. Bf2 Nb6 16. b3 {V podstatÄ› myslím Ä�erná dosáhla svého - nemá 
témÄ›Å™ co hrát! Takhle by zkrátka Ä�erný tuto variantu postavit nemÄ›l!} 
16. ... Bc8 17. Bh4 Ra7 18. Qf2 Qc7 19. Rae1 {Bílá si pomalu pÅ™ipravuje 
prÅ¯lomový postup f4-f5 po otevÅ™ení centra, Ä�erná hledá cestu jak si 
ulevit výmÄ›nami, aniÅ¾ by ztratila kontrolu Ä�erných polí na královském 
kÅ™ídle.} 19. ... Qd8 20. Bxe7 Rxe7 ( 20. ... Qxe7 21. f5! +- gxf5 22. 
Bxf5 ) 21. Qh4 Rb7 22. Qh6 +- Kd7 {Snaha o útÄ›k krále je pochopitelná, 
ale je to skuteÄ�nÄ› útÄ›k?} 23. a4! bxa4 24. Bxa6 Ra7 25. Bb5+ Kc7 26. 
exd6+ Qxd6 27. Qg7 Qf8 ( 27. ... Rf8 28. c4 ) 28. Qe5+ Kb7 29. bxa4 f6 30.
 Qe2 Qd6 31. Ra1 {OkamÅ¾ité} ( 31. Nd2! {je asi úÄ�innÄ›jÅ¡í.} ) 31. ... 
Bd7 32. a5 Rha8 33. a6+ Kc8 34. Nd2 Bxb5 35. Qxb5 Nd7 {ÄŒerná se brání 
udatnÄ›, první nápor témÄ›Å™ pÅ™eÅ¾ila. Bílá zaÄ�íná myslet na koncovku.} 
36. c4 Qb6 37. Rab1 Rxa6 38. cxd5 Qxb5 39. Rxb5 exd5 40. Rxd5 Ra1 {PÄ›Å¡ec
více je z takové pozice skoro málo, po} ( 40. ... Kc7! {by jeho 
uplatÅˆování mohlo být hodnÄ› obtíÅ¾né.} ) 41. Rxa1 Rxa1+ 42. Kh2 Kc7 43. 
Nb3 Rf1 {Ani na vÄ›Å¾ovku po} ( 43. ... Rb1 44. Nc5 Nxc5 45. dxc5 += {bych
moc nespoléhal.} ) 44. f5! {Bílá nachází zpÅ¯sob jak udrÅ¾et iniciativu. 
Po} ( 44. Kg3 f5 =, quiet {by Ä�erná dostala dostateÄ�nou protihru.} ) 
44. ... gxf5 {VýmÄ›na vÄ›Å¾í by vedla k dost Å¡patné jezdcovce. Logické 
ale bylo} ( 44. ... Kc6! 45. Ra5 Rd1 {Å¡patná souhra bílých figur by k 
výhÅ™e asi staÄ�it nemÄ›la.} ) 45. Nd2! Rf4?? {Po dlouhé a pÅ™iznejme i 
úspÄ›Å¡né obranÄ› se Ä�erná náhle hroutí. Po} ( 45. ... Rd1 46. Nf3 {
nevidÄ›la pÄ›knou taktickou výmluvu} 46. ... Ne5! 47. Nxe5 fxe5 48. Rxe5 
Rxd4 49. Rxf5 Rd7 +/- {, to bych si jeÅ¡tÄ› na výhru bílé nevsadil. 
Zvolené náhradní Å™eÅ¡ení je samoodchyt vÄ›Å¾e.} ) 46. Kg3 ( 46. Kg3 Kc6 
47. Rxd7 +- ) 1-0

[Event "41st Olympiad Tromso 2014 Open""]
[Site "Tromso NOR"]
[Date "2014.08.05"]
[Round "4.1"]
[White "Ivanisevic, Ivan"]
[Black "Navara, David"]
[Result "1/2-1/2"]
[WhiteElo "2613"]
[BlackElo "2716"]
[EventDate "2014.08.02"]
[Annotator "Vokac,Marek"]
[PlyCount "78"]
[WhiteTeam "SRB"]
[BlackTeam "CZE"]
[WhiteTeamCountry "SRB"]
[BlackTeamCountry "CZE"]

1. d4 Nf6 2. c4 g6 3. Nc3 d5 4. Nf3 Bg7 5. Qb3 dxc4 6. Qxc4 O-O 7. e4 Nc6 
8. Be2 e5 9. d5 Nd4 10. Nxd4 exd4 11. Qxd4 c6 12. d6 Re8 13. Qd3 b5 14. f3
Re6 {PÅ™ipravené vylepÅ¡ení partie MorozeviÄ� - Vachier Lagrave, Biel 
2011.} 15. Be3 Rxd6 16. Qc2 Nh5 17. O-O Bd4 18. Bxd4 Rxd4 19. Rfd1 Be6 20.
 Bf1 Qb6 21. Rxd4 Qxd4+ 22. Qf2 Rd8 23. Qxd4 Rxd4 24. b3 Rd2 25. Ne2 b4 
26. Kf2 c5 27. Ke3 Rc2 28. g4 Nf6 29. Nf4 Rc3+ 30. Bd3 c4 31. bxc4 Bxc4 
32. Kd4 Bxd3 33. Nxd3 Ra3 34. Rc1 Rxa2 35. Rc8+ Kg7 36. e5 Ng8 37. Rc7 {Je
to hezký pohled, kdyÅ¾ oba hráÄ�i hrají skoro vÅ¡echny tahy jak 
poÄ�ítaÄ�. Rovnováha je zaruÄ�ena a bílý nárokuje pÅ¯l bodu.} 37. ... Kf8 
38. Rc8+ ( 38. Nxb4 Rxh2 39. Rxa7 h5 =, quiet ) 38. ... Kg7 39. Rc7 Kf8 
1/2-1/2

[Event "41st Olympiad Tromso 2014 Open""]
[Site "Tromso NOR"]
[Date "2014.08.05"]
[Round "4.1"]
[White "Vachier-Lagrave, Maxime"]
[Black "Mamedyarov, Shakhriyar"]
[Result "0-1"]
[WhiteElo "2768"]
[BlackElo "2743"]
[EventDate "2014.08.02"]
[Annotator "Vokac,Marek"]
[PlyCount "96"]
[WhiteTeam "France"]
[BlackTeam "Azerbaijan"]
[WhiteTeamCountry "FRA"]
[BlackTeamCountry "AZE"]

1. Nf3 Nf6 2. g3 g6 3. Bg2 Bg7 4. c4 O-O 5. d4 d6 6. Nc3 Nbd7 7. O-O e5 8.
 e4 exd4 9. Nxd4 Re8 10. h3 a6 11. Re1 Rb8 {V souÄ�asnosti nejÅ¾ivÄ›jÅ¡í 
verze králky s g3. ÄŒerný zamýÅ¡lí expandovat c7-c5 s dalÅ¡ím b7-b5, 
Ä�asto do toho investuje pÄ›Å¡ce d6.} 12. Rb1 Ne5 13. Bf1?! {Mnohem 
lepÅ¡í povÄ›st má} ( 13. b3 ) 13. ... c5 14. Nc2 b5 15. cxb5 axb5 16. b4 {
Tak uÅ¾ se sice hrálo, ale celá koncepce bílého mi pÅ™ipadá nezdravá.} ( 
16. Bxb5 Rxb5 17. Nxb5 Bxh3 18. f3 c4 =/& {davá Ä�ernému docela 
nepÅ™íjemnou iniciativu.} ) 16. ... c4 17. Nd4 d5! 18. Bg5 {Je zde sice 
plno taktických moÅ¾ností, ale pokud Ä�erný o pozici nÄ›co ví, vaÅ™í podle
poÄ�ítaÄ�e bílý z vody.} ( 18. exd5 Nxd5 19. Ncxb5 Bd7! 20. Bb2 ( 20. Nd6 
Nc3 -+ ) 20. ... Nxb4 21. Nd6 Nbd3 -/+ ) 18. ... dxe4 19. Nxe4 Bb7 20. Bg2
Bxe4 21. Rxe4 Qb6 22. Bxf6 Bxf6 23. Qe2 Re7 -/+ {I kdyz pÅ™ipustím, Å¾e 
mÅ¯Å¾e jít o domácí pÅ™ípravu, nevidím nic, Ä�ím by bílý kompenzoval 
silného krytého volného pÄ›Å¡ce c4. ÄŒerný jednoduÅ¡e stojí lépe na více 
zpÅ¯sobÅ¯.} 24. Nc2 Rd8 25. Re1 Rdd7 26. Ne3 Kg7 27. Rd1 Nd3 ( 27. ... Qd8
! -/+ ) 28. a4 Rxe4 29. Bxe4 Rd4 30. a5 Qd6 31. Qg4 {ÄŒerný si hru trochu 
zkomplikoval, ale bílému se nechce bojovat v koncovce po} ( 31. Bxd3 cxd3 
32. Qf3 Rxb4 33. Nd5 Ra4 34. Qxd3 Rxa5 -/+ {o holý Å¾ivot.} ) 31. ... Kh6
!? {Smysl pro humor Ä�ernému nechybí. PoÄ�ítaÄ� preferuje} ( 31. ... h5 
32. Nf5+ Kf8 33. Nxd6 hxg4 34. Bxd3 Rxd3 35. Rxd3 cxd3 36. Ne4 gxh3 37. 
Kh2 Bd4 38. Kxh3 f5 -/+ ) 32. Nc2 Nxf2 33. Rxd4 Bxd4 34. Qh4+? {Zajímavé 
následky mohlo mít} ( 34. Qf4+! Qxf4 35. gxf4 Ba7 36. Bc6 Nxh3+ 37. Kg2 
Nxf4+ 38. Kf3 Nd3 39. Bxb5 =+ {na c4 sice moÅ¾ná bílý nesebere, ale jeho 
pÄ›Å¡ci by mohli být nepÅ™íjemnÄ› rychlí.} ) 34. ... Kg7 35. Bxg6 Ng4+! 
36. Kf1 hxg6 37. Nxd4 ( 37. Qxg4 Ba7 -/+ {nevypadá o moc lépe.} ) 37. ... 
Qxd4 38. Qxg4 Qd3+ 39. Qe2 {Ani dámská koncovka po} ( 39. Kf2 c3 40. a6 c2
41. Qf4 Qd1 42. a7 c1=Q 43. Qxc1 Qxc1 44. a8=Q Qd2+ 45. Kf1 Qxb4 -+ {se 
asi zremizovat nedá.} ) 39. ... Qxg3 -+ 40. a6 Qxh3+ 41. Kg1 Qg3+ 42. Kf1 
Qc3 43. Qa2 Qh3+ 44. Kg1 c3 45. Qa1 ( 45. a7 Qe3+ 46. Kf1 Qc1+ 47. Kg2 c2 
-+ ) 45. ... Qg4+ 46. Kf1 Qf3+ 47. Kg1 Qe3+ 48. Kf1 Kh7 {O smyslu pro 
humor uÅ¾ byla Å™eÄ�, pÄ›Å¡ec c3 pÅ¯jde vpÅ™ed.} 0-1

[Event "41. Olympiad Open 2014"]
[Site "Tromso NOR"]
[Date "2014.08.06"]
[Round "5.2"]
[White "Agrest, Evgenij"]
[Black "Laznicka, Viktor"]
[Result "0-1"]
[WhiteElo "2595"]
[BlackElo "2676"]
[EventDate "2014.08.02"]
[Annotator "Vokac,Marek"]
[PlyCount "124"]
[WhiteTeam "Sweden"]
[BlackTeam "Czech Republic"]
[WhiteTeamCountry "SWE"]
[BlackTeamCountry "CZE"]

1. c4 c6 2. Nf3 d5 3. e3 Nf6 4. Qc2 a6 5. h3 e6 6. b3 c5 7. Bb2 Nc6 8. 
cxd5 exd5 9. a3 Be6 10. Bd3 Rc8 11. Bf5 Bxf5 12. Qxf5 Be7 13. O-O O-O 14. 
Bxf6 {Bílý postavil zahájení trochu jako Ä�erný, zde pÅ™ichází jasný 
dÅ¯kaz, Å¾e s jeho pozicí není nÄ›co v poÅ™ádku.} ( 14. d4 cxd4 15. Nxd4 
Ne4 =+ ) 14. ... Bxf6 15. Nc3 g6 16. Qd3?! {Divné pole pro dámu.} 16. ... 
b5 17. Rac1 Ne7 18. Qb1 Qb6 19. b4 c4 20. d4 {Bílý jakÅ¾ takÅ¾ drÅ¾í 
rovnováhu, ale volný pÄ›Å¡ec c4 není jen pro ozdobu.} 20. ... Rfd8 21. Kh1
Rb8 22. Ng1 Nc6 23. Nge2 Bg5 24. Rcd1 Bh6 25. Qb2 a5 =+ {Manévry Ä�erného 
jsou rozhodnÄ› efektivnÄ›jÅ¡í neÅ¾ pÅ™esuny bílých figur.} 26. Na2 Bf8 27.
 Nec3 axb4 28. Nxb4 Nxb4 29. axb4 Qd6 30. Rb1 h5 {OpÄ›t klasické 
uskÅ™ípnutí protiÅ¡ancí soupeÅ™e na královském kÅ™ídle pÅ™ed zahájením 
útoku na kÅ™ídle opaÄ�ném.} 31. Qe2 h4 32. Rb2 Qc6 33. Rd1 Ra8 34. e4?! {
Bílý zkouÅ¡í protihru v centru, ale jen rozÅ¡íÅ™í poÄ�et svých slabin.} 
34. ... dxe4 35. d5 Qe8 36. Nxe4 Bg7 -/+ 37. Rc2 f5 38. Nc5 Qxe2 39. Rxe2 
Ra1! {Oba slabé pÄ›Å¡ce bílý neubrání.} 40. Ree1 Rxd1 41. Rxd1 Bc3 42. Ne6
Rd7 43. Nc5 Rd6 44. Nb7 Rb6! 45. Na5 ( 45. d6 Rxb7 46. d7 Bf6 47. d8=Q+ 
Bxd8 48. Rxd8+ Kf7 -+ ) 45. ... Bxb4 46. Nc6 Bd6 -+ 47. Rb1 c3 48. Na5 Bf4
49. Nb3 Rd6 50. g3 hxg3 51. fxg3 Bxg3 52. Rd1 Bf4 53. Rd3 Be5 54. Kg2 b4 
55. Kf3 Kf7 56. Ke2 Ra6 57. Re3 Bf4 58. Rf3 Ra3 59. Rxf4 Rxb3 60. Kd3 Rb2 
61. Rf1 c2 62. Ra1 b3 0-1

[Event "41. Olympiad Open 2014"]
[Site "Tromso NOR"]
[Date "2014.08.06"]
[Round "5.3"]
[White "Karjakin, Sergey"]
[Black "Iotov, Valentin"]
[Result "0-1"]
[WhiteElo "2786"]
[BlackElo "2553"]
[EventDate "2014.08.02"]
[Annotator "Vokac,Marek"]
[PlyCount "68"]
[WhiteTeam "Russia"]
[BlackTeam "Bulgaria"]
[WhiteTeamCountry "RUS"]
[BlackTeamCountry "BUL"]

1. e4 d5 2. exd5 Qxd5 3. Nc3 Qd8 4. d4 Nf6 5. Nf3 Bg4 6. h3 Bxf3 7. Qxf3 
c6 8. Qd3 e6 9. Be2 Nbd7 10. O-O Bd6 11. Bg5 Qc7 12. Ne4 Bh2+ 13. Kh1 Bf4 
14. Nxf6+ Nxf6 15. Bxf6 gxf6 16. c4 O-O-O 17. Bf3 Kb8 18. Rad1 h5 19. b4 
Rd7 20. b5 c5 21. d5 Be5 22. Rde1 h4 23. a4 Qa5 24. Qa3 Qd2 25. Re3 {
První náznak motivu, který se stane bílému osudným, ukazuje varianta} ( 
25. Qxc5? Qf4 26. Rxe5 fxe5 27. dxe6 fxe6 =+ ) 25. ... Qb4 26. Qa2 
=, quiet exd5 27. Rd3? {Karjakin se zcela zapletl do zmatených propoÄ�tÅ¯,
navíc vÄ›Å¾í pÅ™estává napadat Ä�erného stÅ™elce. K remíze jeÅ¡tÄ› vedlo} 
( 27. Bxd5 Rxd5! 28. cxd5 Qf4 29. Rxe5! fxe5 =, quiet ) ( {Zkusit mohl 
také} 27. Qe2!? {(hrozí Vxe5)} 27. ... Rhd8 28. Bxd5 Qxa4 29. Re4 {, 
dobere nÄ›kdy na h4 a nesymetrické pÄ›Å¡cové formace jeÅ¡tÄ› mohou 
pÅ™inést zajímavý boj.} ) 27. ... Rhd8 28. Rc1 {AÅ¾ teÄ� si bílý po 
delÅ¡ím zamyÅ¡lení musel pÅ™iznat, Å¾e je zle. Brát na d5 nemÅ¯Å¾e 
niÄ�ím, vÅ¾dycky pÅ™ijde} ( 28. Bxd5 Rxd5 29. Rxd5 ( 29. cxd5 Qf4 30. g3 
Qe4+ -+ ) 29. ... Rxd5 30. cxd5 Qf4 {a pokrýt diagonálu h2-b8 je 
nemoÅ¾né.} 31. g3 Qf3+ 32. Kg1 hxg3 33. d6 g2 34. Re1 Qxh3 -+ ) 28. ... 
dxc4 -+ 29. Rxd7 Rxd7 30. Qc2 c3 31. Rd1 Qb2 32. Be4 Rd2 33. Rxd2 cxd2 34.
 Qd1 Qd4 0-1